Effective on solution FeEDTA/FeEDDHA on the growth of bok choy by hydrophonics; ឥទ្ធិពលនៃអត្រាFeEDTA/FeEDDHA លើការលូតលាស់ដំណាំស្ពៃតឿដាំតាមបច្ចេកទេស (Record no. 10680)

000 -LEADER
fixed length control field 00635nam a22001337a 4500
040 ## - CATALOGING SOURCE
Transcribing agency RUA
082 ## - DEWEY DECIMAL CLASSIFICATION NUMBER
Classification number VEM PHE 2015 B522 Or.1
100 ## - MAIN ENTRY--AUTHOR NAME
Personal name PHEAC CHAMVIRAK; ភាវ ចមវីរៈ
245 ## - TITLE STATEMENT
Title Effective on solution FeEDTA/FeEDDHA on the growth of bok choy by hydrophonics; ឥទ្ធិពលនៃអត្រាFeEDTA/FeEDDHA លើការលូតលាស់ដំណាំស្ពៃតឿដាំតាមបច្ចេកទេស
260 ## - PUBLICATION, DISTRIBUTION, ETC. (IMPRINT)
Place of publication Phnom Penh
Name of publisher RUA
Year of publication 2015
300 ## - PHYSICAL DESCRIPTION
Number of Pages x; 34p;
Other physical details ill;
Dimensions 29cm;
856 ## - ELECTRONIC LOCATION AND ACCESS
Uniform Resource Identifier EFFECTIVE ON SOLUTION FeEDTA/FeEDDHA ON THE GROWTH OF BOK CHOY BY HYDROPHONICS
942 ## - ADDED ENTRY ELEMENTS (KOHA)
Koha item type VEM
952 ## - LOCATION AND ITEM INFORMATION (KOHA)
Withdrawn status [LOCAL, KOHA] 0
952 ## - LOCATION AND ITEM INFORMATION (KOHA)
Withdrawn status [LOCAL, KOHA] 0
952 ## - LOCATION AND ITEM INFORMATION (KOHA)
Withdrawn status [LOCAL, KOHA] 0
952 ## - LOCATION AND ITEM INFORMATION (KOHA)
Withdrawn status [LOCAL, KOHA] 0
952 ## - LOCATION AND ITEM INFORMATION (KOHA)
Withdrawn status [LOCAL, KOHA] 0
952 ## - LOCATION AND ITEM INFORMATION (KOHA)
Withdrawn status [LOCAL, KOHA] 0
952 ## - LOCATION AND ITEM INFORMATION (KOHA)
Withdrawn status [LOCAL, KOHA] 0
952 ## - LOCATION AND ITEM INFORMATION (KOHA)
Withdrawn status [LOCAL, KOHA] 0
952 ## - LOCATION AND ITEM INFORMATION (KOHA)
Withdrawn status [LOCAL, KOHA] 0
952 ## - LOCATION AND ITEM INFORMATION (KOHA)
Withdrawn status [LOCAL, KOHA] 0
Holdings
Permanent Location Date acquired Koha item type Lost status Shelving location Barcode Current Location Full call number
Library Block B2016-11-02VEM B522 Library Block BVEM PHE 2015 B522 Or.1
Library Block B2016-11-02VEM B522 Library Block BVEM PHE 2015 B522 Or.1
Library Block B2016-11-02VEM B522 Library Block BVEM PHE 2015 B522 Or.1
Library Block B2016-11-02VEM B522 Library Block BVEM PHE 2015 B522 Or.1
Library Block B2016-11-02VEM B522 Library Block BVEM PHE 2015 B522 Or.1
Library Block B2016-11-02VEM B522 Library Block BVEM PHE 2015 B522 Or.1
Library Block B2016-11-02VEM B522 Library Block BVEM PHE 2015 B522 Or.1
Library Block B2016-11-02VEM B522 Library Block BVEM PHE 2015 B522 Or.1
Library Block B2021-10-11AGR B691A066843Library Block BAGR PHE 2015 B691 Or.1
Library Block B2021-10-11AGR B691A065984Library Block BAGR PHE 2015 B691 Or.1
មជ្ឈមណ្ឌលឯការនៃសាកលវិទ្យាល័យភូមិន្ទកសិកម្មចំការដូង

Powered by Koha